header

The Turkish-Israeli relationship (Record no. 85535)

MARC details
000 -LEADER
fixed length control field 01235nam a2200313Ia 4500
100 1# - MAIN ENTRY--AUTHOR NAME
Personal name Bengio, Ofra.
245 14 - TITLE STATEMENT
Title The Turkish-Israeli relationship
260 ## - PUBLICATION, DISTRIBUTION, ETC. (IMPRINT)
Place of publication New York :
Name of publisher Palgrave Macmillan,
Year of publication 2004.
300 ## - PHYSICAL DESCRIPTION
Number of Pages xi, 236 p.
650 #0 - SUBJECT ADDED ENTRY--TOPICAL TERM
Topical Term International relations.
856 40 - ELECTRONIC LOCATION AND ACCESS
Uniform Resource Identifier http://site.ebrary.com/lib/rucke/Doc?id=10135528

No items available.

© 2026 Rongo University
Contact us: librarian | system librarian | Rongo university